Best practice & research

Na minha lista:
Detalhes bibliográficos
Formato: Recurso Eletrônico Periódico
Publicado em: [S.l.] : [s.n.]
Assuntos:
Acesso em linha:Full text available from Health & Medical Collection: 02/01/2003 to 10/31/2020
Full text available from Research Library: 02/01/2003 to 10/31/2020
Tags: Adicionar Tag
Sem tags, seja o primeiro a adicionar uma tag!

MARC

LEADER 00000das a22000003u 4500
001 ssib000409215
003 WaSeSS
005 20211017042936.0
006 m d
007 cr n
008 210817uuuuuuuuu||||| |ss|||||| ||||||d
035 |a (WaSeSS)ssib000409215 
040 |a WaSeSS  |c WaSeSS  |d WaSeSS 
245 0 0 |a Best practice & research  |h [electronic resource]. 
260 |a [S.l.] :  |b [s.n.] 
500 |a Title from content provider. 
506 |a License restrictions may limit access. 
655 0 |a Electronic journals. 
856 4 0 |z Full text available from Health & Medical Collection: 02/01/2003 to 10/31/2020  |u https://wwwproquest.unach.elogim.com/intermediateredirectforezproxy 
856 4 0 |z Full text available from Research Library: 02/01/2003 to 10/31/2020  |u https://wwwproquest.unach.elogim.com/intermediateredirectforezproxy